<?xml version="1.0" encoding="UTF-8"?>
<marc:record xmlns:marc="http://www.loc.gov/MARC21/slim">
   <marc:leader>00000nam a2200000 a 4500</marc:leader>
   <marc:datafield ind1="1" ind2=" " tag="100">
      <marc:subfield code="a">Finsterbusch, Monika</marc:subfield>
      <marc:subfield code="4">aut</marc:subfield>
      <marc:subfield code="e">Verfasser/-in</marc:subfield>
   </marc:datafield>
   <marc:datafield ind1=" " ind2=" " tag="653">
      <marc:subfield code="a">Streit</marc:subfield>
   </marc:datafield>
   <marc:datafield ind1=" " ind2=" " tag="653">
      <marc:subfield code="a">Zauberkraft</marc:subfield>
   </marc:datafield>
   <marc:datafield ind1=" " ind2=" " tag="653">
      <marc:subfield code="a">Prinzessin Lillifee</marc:subfield>
   </marc:datafield>
   <marc:datafield ind1=" " ind2=" " tag="653">
      <marc:subfield code="a">Freund Pupsi</marc:subfield>
   </marc:datafield>
   <marc:datafield ind1="0" ind2="0" tag="245">
      <marc:subfield code="a">Prinzessin Lillifee</marc:subfield>
   </marc:datafield>
   <marc:datafield ind1=" " ind2="1" tag="264">
      <marc:subfield code="b">Universum Film GmbH</marc:subfield>
      <marc:subfield code="c">2009</marc:subfield>
   </marc:datafield>
   <marc:datafield ind1="1" ind2=" " tag="520">
      <marc:subfield code="a">Im Königreich Rosarien sind Frieden und Schönheit die obersten Gebote, und es herrscht immer Harmonie unter den Bewohnern. Die droht jedoch aus dem Gleichgewicht zu geraten, als Prinzessin Lillifees Untertanen das Land verlassenwollen, weil rücksichtslose Feen ihre Zauberkräfte für allerhand Schabernack missbrauchen. Auf ihrem Einhorn Rosalie macht sich Lillifee auf den Weg, um den Frieden wieder herzustellen. Aber sie muss nicht nur ihre ganze Kraft einsetzen, sondern benötigt auch dringend die Unterstützung ihrer zahlreichen Freunde, um gegen die Unruhestifter vorzugehen. Ob die Harmonie am Ende wieder Einzug in Rosarien halten wird? Abenteuer ganz in rosa.</marc:subfield>
   </marc:datafield>
   <marc:datafield ind1="3" ind2=" " tag="024">
      <marc:subfield code="a">0886970413893</marc:subfield>
   </marc:datafield>
   <marc:datafield ind1=" " ind2=" " tag="041">
      <marc:subfield code="a">ger</marc:subfield>
   </marc:datafield>
   <marc:datafield ind1="1" ind2=" " tag="521">
      <marc:subfield code="a">0</marc:subfield>
   </marc:datafield>
</marc:record>
